NY state of mind - Nas (Lyrics) - Statistics

General Stats
  • This quiz has been taken 108 times
  • The average score is 214 of 425
Answer Stats
Answer % Correct
I
98%
I
96%
in fact
94%
a
93%
of
91%
the
91%
yo,
91%
"Yo
91%
yo
91%
rap.
87%
to
87%
don't
80%
I'm
80%
it
80%
It
80%
know
80%
be
78%
in
78%
In
78%
with
78%
start
76%
cocaine
74%
flip
74%
N***a
74%
scarface
74%
sniffin'
74%
this
74%
an
72%
and
72%
And
72%
like
72%
n***as
72%
n***s
72%
shit
72%
back
70%
"back
70%
my
69%
how
67%
me
67%
pen
67%
Rappers,
67%
bullet
65%
extreme
65%
funky
65%
now
65%
M-16
63%
monkey
63%
see
63%
time
63%
Time
63%
up
63%
up"
63%
rhythm
61%
'em
59%
holes
59%
is
59%
out
59%
composition
57%
Hand
57%
kicking
57%
who
57%
you
57%
dungeons
56%
make
56%
New
56%
street
56%
as
52%
defeat
52%
foes
52%
hold
52%
I'll
52%
nine
52%
shoot
52%
So
52%
Straight
52%
Where
52%
York
52%
clothes
50%
fake
50%
fucking
50%
Holding
50%
left
50%
mind
50%
N****s
50%
n****s
50%
pain
50%
state
50%
it's
48%
It's
48%
peepholes
48%
run
48%
was
46%
without
46%
inflictin'
44%
Y'all
44%
Yeah
44%
yeah
44%
black
43%
full
43%
shootin'
43%
some
43%
ain't
41%
building
41%
MAC-10
41%
MAC's
41%
on
41%
or
41%
Or
41%
revolution
41%
steelo
41%
suited
41%
block
39%
children
39%
corner
39%
couldn't
39%
Got
39%
got
39%
high
39%
lobby
39%
MAC
39%
they
39%
through
39%
Try
39%
assassin
37%
cousin
37%
danger
37%
for
37%
game
37%
name
37%
probably
37%
ran
37%
running
37%
same
37%
Same
37%
sleep
37%
us
37%
'cause
35%
chamber
35%
cock
35%
death
35%
fame
35%
stuck"
35%
younger
35%
about
33%
ayyio
33%
broken
33%
caught
33%
keep
33%
off
33%
stairway
33%
when
33%
bring
31%
bringing
31%
brothers
31%
bullets
31%
catch
31%
champs
31%
head
31%
Houston
31%
pulling
31%
sell
31%
spit
31%
their
31%
thoughts
31%
word
31%
airplay
30%
at
30%
cheetah
30%
E&J
30%
jetting
30%
Laughing
30%
never
30%
Pick
30%
Reminiscin'
30%
three
30%
told
30%
wouldn't
30%
amps
28%
body
28%
cee-lo
28%
Force
28%
get
28%
last
28%
saw
28%
Task
28%
trying
28%
are
26%
betting
26%
flipped
26%
guns
26%
Once
26%
talk
26%
triggers
26%
backflip
24%
crackhead
24%
either
24%
Finally
24%
forever
24%
grass
24%
look
24%
made
24%
chicks
22%
Heard
22%
heard
22%
him
22%
pulled
22%
arm
20%
baseheads
20%
claim
20%
crime
20%
drop
20%
kids
20%
one
20%
rock
20%
scream
20%
shook
20%
sitting
20%
smoke
20%
squeeze
20%
There
20%
bent
19%
click
19%
few
19%
off-guard
19%
your
19%
another
17%
begin
17%
corners
17%
crews
17%
Gave
17%
goners
17%
hitting
17%
Lead
17%
nice
17%
quick
17%
snitch
17%
think
17%
broad
15%
daylight
15%
deep
15%
gauges
15%
good
15%
knocked
15%
said
15%
stickup
15%
4-5's
13%
But
13%
coke
13%
does
13%
getting
13%
if
13%
price
13%
stash
13%
'til
13%
will
13%
breath
11%
customers
11%
Grants
11%
life
11%
measuring
11%
information
9%
inside
9%
she'll
9%
she's
9%
slide
9%
Beyond
7%
gotta
7%
G-packs
7%
intelligence
7%
Keeps
7%
pots
7%
vacation
7%
walls
7%
cracks
6%
defined
6%
drops
6%
erasin'
6%
large
6%
basin'
4%
snatching
4%
wives
4%
No matching quizzes found
Score Distribution
Percent of People with Each Score
Percentile by Number Answered
Your Score History
You have not taken this quiz